00525nam a22001337a 4500999001900000082001600019100002900035245012500064260002900189300001000218650002900228650002700257952010700284 c515973d515973 aTNC AA B631 aBodhananda, Swami922254 aIndian management and leadership :bSpiritual and ethical values for corporate and personal successcby Swami Bodhananda aNew DelhibBluejayc2007 a226p. aPhilosophy, Hindu923456 aIndia -Religion923457 00102ddc406TNC_AA_B63170aIIPAbIIPAd2021-02-12oTNC AA B631pGR22702r2021-02-12w2021-02-12yGR